[Event "POL-ch Amateurs"]
[Site "Wroclaw"]
[Date "2011.07.03"]
[Round "7"]
[White "Gradalski, Bartosz"]
[Black "Niewiejski, Robert"]
[Result "0-1"]
[WhiteElo "1613"]
[BlackElo "1598"]
[PlyCount "108"]
[EventDate "2011.07.01"]
[EventType "swiss"]
[EventRounds "7"]
[EventCountry "POL"]
[SourceTitle "EXT 2023"]
[Source "ChessBase"]
[SourceDate "2022.10.05"]
[SourceVersion "1"]
[SourceVersionDate "2022.10.05"]
[SourceQuality "1"]

1. d4 d5 2. c4 dxc4 3. e3 e5 4. Bxc4 Bb4+ 5. Bd2 Bxd2+ 6. Qxd2 exd4 7. Qxd4 Qxd4 8. exd4 Nc6 9. Ne2 Na5 10. b3 Bf5 11. Ng3 Bg6 12. 0-0 0-0-0 13. Rd1 Nf6 14. Nc3 c6 15. Rd2 Rhe8 16. Be2 b6 17. Bf3 Kc7 18. Rad1 Nb7 19. d5 cxd5 20. Nxd5+ Nxd5 21. Rxd5 Rxd5 22. Bxd5 Rd8 23. Rc1+ Nc5 24. Bf3 Kb8 25. Nh5 Bxh5 26. Bxh5 g6 27. Be2 Rd2 28. Bc4 Nd3 29. Bxd3 Rxd3 30. g3 Rd2 31. a3 Rd3 32. Rb1 g5 33. Kf1 g4 34. Ke2 Rc3 35. a4 Kc7 36. Rb2 a5 37. Kd2 Rf3 38. Kc1 Kc6 39. Rc2+ Kd5 40. Rc4 h5 41. Rf4 Rxf4 42. gxf4 Ke4 43. Kd2 Kxf4 44. Ke1 Kf3 45. Kf1 h4 46. Kg1 g3 47. fxg3 hxg3 48. h3 g2 49. h4 Kg4 50. Kxg2 Kxh4 51. Kf3 Kg5 52. Ke4 f5+ 53. Kf3 f4 54. Kf2 Kf5 0-1